Biblioteca

Me he hecho pipí (Registro nro. 49376)

Detalles MARC
000 -LÍDER
Campo fijo de descripción fija 004690000a22001810004500
020 ## - NÚMERO INTERNACIONAL NORMALIZADO PARA LIBROS
Número Internacional Normalizado del libro 84-236-7866-0
082 04 - NÚMERO DE CLASIFICACIÓN DECIMAL DEWEY
Número de clasificación B M46a
001 - NÚMERO DE CONTROL
Campo de control 2230
100 1# - ASIENTO PRINCIPAL--NOMBRE PERSONAL
Nombre personal Canyelles, Anna
245 10 - TÍTULO
Título del Material Me he hecho pipí
250 ## - MENCIÓN DE EDICIÓN
Mención de edición 1a edición
260 ## - PUBLICACIÓN, DISTRIBUCIÓN, ETC. (PIE DE IMPRENTA)
Lugar de publicación, distribución, etc. España : Edebé
300 ## - DESCRIPCIÓN FÍSICA
Extensión 32p/21x20cm
500 ## - NOTA GENERAL
Nota General Para niños a partir de los tres años
505 00 - NOTA DE CONTENIDO
Nota de contenido con formato preestablecido Me llamo Vito -- Odio la siesta -- íTengo piojos! -- Me he hecho Pipí
942 ## - TIPO DE MATERIAL (KOHA)
Tipo de Item KOHA Z- Libro General BINCO
Existencias
Estado de Material Estado de Perdido Volumen-Parte/Tomo Estado de Dañado No para Préstamo Tomo Biblioteca de Origen Biblioteca Permanente Fecha de Adquisición Total de Préstamos Total de Renovaciones Signatura Topográfica Código de Barras Última vez visto Última vez Préstado Ejemplar/Existencia Fecha de Remplazo Tipo de Material
            Biblioteca Infantil Comunitaria BINCO Biblioteca Infantil Comunitaria BINCO 26/08/2013 3 4 B M46a B33316 09/07/2024 08/04/2024 1 26/01/2016 Z- Libro General BINCO

Biblioteca FUSBC | Teléfono: (57+4) 349 88 10 Ext. 141| WhatsApp (+57) 3005338115 
E-mail: biblioteca@unisbc.edu.co | Calle 76 87-14 Robledo Palenque, Medellín, Colombia

Con tecnología Koha